[Event "Pavlodar op"]
[Site "Pavlodar"]
[Date "2015.12.15"]
[Round "9"]
[White "Kozhamuratov, Marat"]
[Black "Kairbek, Bayurzhan"]
[Result "1/2-1/2"]
[WhiteElo "1797"]
[BlackElo "1713"]
[PlyCount "46"]
[EventDate "2015.12.07"]
[EventType "swiss"]
[EventRounds "10"]
[EventCountry "KAZ"]
[SourceTitle "EXT 2017"]
[Source "ChessBase"]
[SourceDate "2016.10.25"]
[SourceVersion "1"]
[SourceVersionDate "2016.10.25"]
[SourceQuality "1"]

1. d4 Nf6 2. c4 e6 3. Nc3 d5 4. Nf3 Be7 5. Bg5 0-0 6. e3 h6 7. Bh4 Nbd7 8. Bd3 b6 9. cxd5 exd5 10. 0-0 Bb7 11. Rc1 Ne4 12. Bg3 Nxg3 13. hxg3 c5 14. Bf5 Nf6 15. Ne5 Bd6 16. Qc2 Rc8 17. f4 Ne4 18. Nxe4 dxe4 19. Qb3 Bxe5 20. dxe5 Qd5 21. Qxd5 Bxd5 22. Rfd1 Rcd8 23. Rd2 Bc6 1/2-1/2

[Event "Pavlodar op"]
[Site "Pavlodar"]
[Date "2014.12.05"]
[Round "6"]
[White "Kairbek, Bayurzhan"]
[Black "Zykova, Darya"]
[Result "0-1"]
[WhiteElo "1714"]
[BlackElo "1602"]
[PlyCount "38"]
[EventDate "2014.12.01"]
[EventType "swiss"]
[EventRounds "9"]
[EventCountry "KAZ"]
[SourceTitle "EXT 2016"]
[Source "ChessBase"]
[SourceDate "2015.10.08"]
[SourceVersion "1"]
[SourceVersionDate "2015.10.08"]
[SourceQuality "1"]

1. e4 c5 2. Nf3 Nc6 3. Nc3 e6 4. d4 cxd4 5. Nxd4 a6 6. Nxc6 bxc6 7. Be3 d5 8. exd5 cxd5 9. Qd4 Nf6 10. Be2 Be7 11. 0-0 0-0 12. Qb6 h6 13. Na4 Nd7 14. Qc6 Rb8 15. Bxa6 Ne5 16. Bb6 Nxc6 17. Bxd8 Bxa6 18. Bxe7 Nxe7 19. Rfc1 Rfc8 0-1